000 00322 a2200133 4500
005 20250319115508.0
020 _a978-2-03-583731-8
082 _a443 PIC
100 _aPICCI, G.
245 _aLarousse Dictionnaire: Franȧis Anglais
260 _aParis,
_bLarousse,
_c2007.
300 _aviii, 356p.
_c18cm.
942 _2ddc
_cBKS
999 _c958
_d958